Central Library OPAC University of Rajshahi

The education of an army : (Record no. 53661)

MARC details
000 -LEADER
fixed length control field 00870nam a2200265 a 4500
001 - CONTROL NUMBER
control field 53661
003 - CONTROL NUMBER IDENTIFIER
rucl marc code BD-RjUL
005 - DATE AND TIME OF LATEST TRANSACTION
control field 20211209080010.0
008 - FIXED-LENGTH DATA ELEMENTS--GENERAL INFORMATION
fixed length control field 161022s1964 ilu b 001 0deng
035 ## - SYSTEM CONTROL NUMBER
System control number (BD-RjUL)53783
040 ## - CATALOGING SOURCE
Original cataloging agency DLC
Transcribing agency WSU
Modifying agency SER
-- BD-RjUL
Language of cataloging eng
041 ## - LANGUAGE CODE
Language code of text/sound track or separate title eng
082 ## - DEWEY DECIMAL CLASSIFICATION NUMBER
Classification number 355.0942
Author mark and year LUE 1964
099 ## - LOCAL FREE-TEXT CALL NUMBER (OCLC)
Bangla Class number 355.42
-- L978
100 1# - MAIN ENTRY--PERSONAL NAME
Personal name Luvaas, Jay.
9 (RLIN) 160382
245 14 - TITLE STATEMENT
Title The education of an army :
Remainder of title British military thought, 1815-1940 /
260 ## - PUBLICATION, DISTRIBUTION, ETC. (IMPRINT)
Place of publication, distribution, etc. Chicago :
Name of publisher, distributor, etc. University of Chicago Press,
Date of publication, distribution, etc. c1964
300 ## - PHYSICAL DESCRIPTION
Pagination xi, 454 p. ;
Size 23 cm.
504 ## - BIBLIOGRAPHY, ETC. NOTE
Bibliography, etc Bibliography: p. [433]-439. Bibliographical footnotes.
610 10 - SUBJECT ADDED ENTRY--CORPORATE NAME
Corporate name or jurisdiction name as entry element Great Britain.
Subordinate unit Army
651 #0 - SUBJECT ADDED ENTRY--GEOGRAPHIC NAME
Geographic name Great Britain
General subdivision History, Military
Chronological subdivision 19th century.
9 (RLIN) 160383
Geographic name Great Britain
General subdivision History, Military
Chronological subdivision 20th century.
9 (RLIN) 146877
942 ## - ADDED ENTRY ELEMENTS (KOHA)
Source of classification or shelving scheme Dewey Decimal Classification
Koha item type Books
Holdings
Lost status Source of classification or shelving scheme Damaged status Not for loan Collection code Permanent Location Current Location Shelving location Date acquired Source of acquisition Cost, normal purchase price Total Checkouts Full call number Date last seen Copy number Koha item type
  Dewey Decimal Classification     Non-fiction Central Library, University of Rajshahi Central Library, University of Rajshahi     Zeithinger 86.00   355.0942 LUE 1964 22/10/2016 C-2 Books
  Dewey Decimal Classification   Not For Loan Non-fiction Central Library, University of Rajshahi Central Library, University of Rajshahi Reading Room 27/10/1970 Sweets & zeithinger 86.00   355.0942 LUE 1964 19/02/2017 C-1 Books
  Dewey Decimal Classification   Not For Loan Non-fiction Central Library, University of Rajshahi Central Library, University of Rajshahi Reading Room 27/10/1970 Sweets & zeithinger 86.00   355.0942 LUE 1964 19/02/2017 C-3 Books